Central Library OPAC University of Rajshahi

سن ستاون ۶۵۷ ;; San sattāvan./ (Record no. 84803)

MARC details
000 -LEADER
fixed length control field 00658cam a2200205u 4500
001 - CONTROL NUMBER
control field 84803
003 - CONTROL NUMBER IDENTIFIER
rucl marc code BD-RjUL
005 - DATE AND TIME OF LATEST TRANSACTION
control field 20250410125250.0
008 - FIXED-LENGTH DATA ELEMENTS--GENERAL INFORMATION
fixed length control field 840418s1957 xx 000 0 urdo
035 ## - SYSTEM CONTROL NUMBER
System control number (BD-RjUL) 84803
040 ## - CATALOGING SOURCE
Original cataloging agency DLC
Transcribing agency CarP
Modifying agency DLC
Language of cataloging eng
041 ## - LANGUAGE CODE
Language code of text/sound track or separate title urd
082 ## - DEWEY DECIMAL CLASSIFICATION NUMBER
Edition number 23
Classification number 954
Author mark and year RAS 1957
100 1# - MAIN ENTRY--PERSONAL NAME
Personal name رحمانی، عشرت ;; rahmani, Ishrat,
Dates associated with a name 1910-1992.
9 (RLIN) 15227
245 10 - TITLE STATEMENT
Title سن ستاون ۶۵۷ ;; San sattāvan./
Statement of responsibility, etc. عشرت رحمانی ;; Israt Rahmani
260 ## - PUBLICATION, DISTRIBUTION, ETC. (IMPRINT)
Date of publication, distribution, etc. [1957]
Place of publication, distribution, etc. Lahore :
Name of publisher, distributor, etc. Naqwis press ,
300 ## - PHYSICAL DESCRIPTION
Pagination 432 p.
Size 22 cm.
651 #0 - SUBJECT ADDED ENTRY--GEOGRAPHIC NAME
Geographic name India
General subdivision History
Chronological subdivision Sepoy Rebellion, 1857-1858
General subdivision Fiction.
9 (RLIN) 15228
942 ## - ADDED ENTRY ELEMENTS (KOHA)
Source of classification or shelving scheme Dewey Decimal Classification
Koha item type Books
Holdings
Lost status Source of classification or shelving scheme Damaged status Not for loan Collection code Permanent Location Current Location Shelving location Date acquired Total Checkouts Full call number Date last seen Copy number Koha item type
  Dewey Decimal Classification   Not For Loan Non-fiction Central Library, University of Rajshahi Central Library, University of Rajshahi Reading Room 10/08/1967   U 954 RAS 1957 10/04/2025 C-1 Books